<?xml version="1.0" encoding="UTF-8"?>
<marc:record xmlns:marc="http://www.loc.gov/MARC21/slim">
   <marc:leader>00000nam a2200000 a 4500</marc:leader>
   <marc:datafield ind1="1" ind2=" " tag="100">
      <marc:subfield code="a">Colfer, Chris</marc:subfield>
      <marc:subfield code="4">aut</marc:subfield>
      <marc:subfield code="e">Verfasser/-in</marc:subfield>
   </marc:datafield>
   <marc:datafield ind1="0" ind2="0" tag="245">
      <marc:subfield code="a">Land of Stories</marc:subfield>
   </marc:datafield>
   <marc:datafield ind1="0" ind2="0" tag="245">
      <marc:subfield code="b">Die Suche nach dem Wunschzauber</marc:subfield>
   </marc:datafield>
   <marc:datafield ind1="0" ind2="0" tag="245">
      <marc:subfield code="c">Chris Colfer</marc:subfield>
   </marc:datafield>
   <marc:datafield ind1=" " ind2="1" tag="264">
      <marc:subfield code="a">Frankfurt am Main</marc:subfield>
      <marc:subfield code="b">Fischer</marc:subfield>
      <marc:subfield code="c">2018</marc:subfield>
   </marc:datafield>
   <marc:datafield ind1="1" ind2=" " tag="490">
      <marc:subfield code="a">Land of Stories</marc:subfield>
   </marc:datafield>
   <marc:datafield ind1="1" ind2=" " tag="520">
      <marc:subfield code="a">Als Alex und ihr Zwillingsbruder Conner ein altes Buch zum Geburtstag geschenkt bekommen, ahnen sie nicht, dass der dicke Schmöker ein Portal in ein magisches Reich ist. Sie geraten in eine Welt, in der es nicht nur gute Feen und verwunschene Prinzen gibt, sondern auch ein böses Wolfsrudel und eine noch viel bösere Königin. Doch ganz so einfach ist die Sache mit Gut und Böse leider nicht. Denn in all den Jahren nach dem Happy End haben die Märchenwesen einige Marotten entwickelt, was die Zwillinge in so manche verzwickte Lage bringt. Außerdem haben sie nicht den blassesten Schimmer, wie sie wieder nach Hause finden sollen. In einem geheimnisvollen Tagebuch steht die Lösung &#x96; doch hinter dem ist auch die böse Königin her</marc:subfield>
   </marc:datafield>
   <marc:datafield ind1=" " ind2=" " tag="020">
      <marc:subfield code="a">9783737356329</marc:subfield>
      <marc:subfield code="9">9783737356329</marc:subfield>
   </marc:datafield>
   <marc:datafield ind1=" " ind2=" " tag="020">
      <marc:subfield code="a">3737356327</marc:subfield>
      <marc:subfield code="9">3737356327</marc:subfield>
   </marc:datafield>
   <marc:datafield ind1=" " ind2=" " tag="500">
      <marc:subfield code="a">Aus dem Engl. übers.</marc:subfield>
   </marc:datafield>
   <marc:datafield ind1=" " ind2=" " tag="300">
      <marc:subfield code="a">477 S.</marc:subfield>
   </marc:datafield>
</marc:record>
